000 00455nam a2200181Ia 4500
001 9262
005 20260306160710.0
008 260306t2017||||xx |||||||||||||| ||spa||
041 _aESP
082 _a378.009
_bP78
100 _aPortocarrero Suárez, Felipe
_eAUT
245 0 _aLa idea de universidad reexaminada y otros ensayos
260 _c2017
300 _a311 páginas :
_c23 cm.
650 _aGEN
654 _aCED
942 _cLIB
_dJUS
_fJUS
_2ddc
_n
999 _c9262
_d9262